Starters Pokemon à partir du Pokedex - Statistiques

Statistiques générales
  • Ce quiz a été pris 39 fois
  • Le résultat moyen est 18 sur 45
Statistiques - réponses
Hint Réponse % Correct
Il peut pulvériser de gros rocs. Pour se reposer, il s'enfouit dans la boue au fond des rivières. Gobou
83%
Ses techniques de combat inventives, qui tirent parti de ses pieds et ses poings enflammés, lui permettent d'affronter n'importe quel adversaire. Simiabraz
72%
Il peut fondre la roche de son souffle brûlant. Il est souvent la cause d'énormes incendies. Dracaufeu
62%
On dit que c’est pour imiter les gens utilisant une pierre à aiguiser qu’il a commencé à affûter son « coupillage » sur les rochers le long des rivières. Moustillon
62%
Quand il est jeune, il absorbe les nutriments conservés dans son dos pour grandir et se développer. Bulbizarre
55%
Sa coquille commence à durcir juste après sa naissance. Jeune, elle est assez tendre. Carapuce
55%
Son bulbe dorsal est devenu si gros qu'il ne peut plus se tenir sur ses pattes postérieures. Herbizarre
55%
Il préfère les endroits chauds. En cas de pluie, de la vapeur se forme autour de sa queue. Salamèche
55%
Il vit en forêt près de l'eau. En journée, il la quitte pour dorer sa carapace feuillue au soleil. Boskara
52%
Il évite agilement les attaques ennemies et crache des boules de feu par le groin. Il aime griller des Baies pour les manger. Gruikui
52%
Il augmente délibérément sa masse corporelle pour contrer le recul de ses puissants jets d'eau. Tortank
52%
Certains petits Pokémon peuvent naître sur son dos et y passer toute leur vie. Torterra
52%
Une douce senteur émane de sa plante. Cette fragrance calme tous ceux qui sont engagés dans un combat. Florizarre
48%
Ce Pokémon jauge la température et l'humidité grâce à la feuille sur sa tête. Il raffole des bains de soleil. Germignon
48%
Il est timide et se roule en boule pour se protéger. Attaqué, il s'enflamme le dos pour riposter. Héricendre
48%
Les feuilles sur ses pattes avant sont aussi tranchantes que des épées. Il surgit de derrière les arbres pour attaquer sa cible. Jungko
48%
Les trois cornes de son bec sont le symbole de sa force. Celles du chef sont plus grosses que les autres. Pingoléon
48%
Il vit sur les côtes des régions nordiques. C'est un nageur doué, qui peut plonger durant 10 minutes. Tiplouf
48%
Il n’aime pas la vie de groupe. Ses bras étant courts, il se sert plutôt de ses lianes avec dextérité dans sa vie quotidienne. Vipélierre
48%
Quand il affront un ennemi coriace, ses poignets projettent des gerbes de flammes. Ses jambes lui permettent de sauter par-dessus les immeubles. Braségali
45%
Son souffle a l'incroyable capacité de ranimer les plantes et les fleurs flétries. Méganium
45%
Pour mieux se concentrer, ce Pokémon émet des cris stridents. Ses coups de pied sont particulièrement dévastateurs. Galifeu
41%
L'apprentissage de sa technique de combat, qui utilise élégamment ses deux coupillages, est extrêmement rigoureux. Mateloutre
41%
Quand sa colère atteint son paroxysme son corps devient si chaud que tout ce qu'il touche s'enflamme instantanément. Typhlosion
41%
A force de marcher et de vivre dans la boue, son arrière-train est devenu particulièrement robuste. Flobio
38%
Petit mais costaud, il n'hésite pas à mordre tout ce qui passe à portée de ses dents. Kaiminus
38%
Les situations critiques semblent l'amuser : les flammes de son cou deviennent plus intenses, et sa puissance et sa vitesse augmentent. Roitiflam
38%
Les épines de ses plantes de pieds lui permettent de marcher aux murs et au plafond sans tomber. Arcko
34%
La fourrure qui recouvre ce Pokémon est incombustible et peut résister à n'importe quelle attaque de feu. Feurisson
28%
Ce Pokémon est suffisamment fort pour aider ses camarades face à des adversaires de taille. Il l’est moins lorsqu’il s’agit de résister à la faim. Grotichon
28%
Il peut paralyser l'ennemi d'un regard. Il amplifie l'énergie du soleil dans son corps. Majaspic
28%
Il attaque en prenant appui sur les murs et les plafonds. Sa queue ardente n'est pas son seul atout. Chimpenfeu
24%
Ses bras sont solides comme la pierre. Un seul coup suffit pour réduire en miettes les rochers les plus imposants. Laggron
24%
Il escalade prestement les falaises escarpées et vit sur les sommets. Sa flamme s'éteint quand il dort. Ouisticram
24%
Quand on le serre contre soi, on sent une chaleur réconfortante, car une poche à flammes brûle en continu dans son ventre tout au long de sa vie. Poussifeu
24%
On dit que ce Pokémon peut atteindre l'âge de 10 000 ans. Sa queue duveteuse est un symbole de longévité populaire. Carabaffe
21%
Ce Pokémon dirige son groupe d'une main de fer. Il punit sans pitié quiconque ne respecte pas ses règles. Clamiral
21%
Une odeur épicée provient de son cou. Si on la respire, elle donne envie de se battre. Macronium
21%
Les muscles développées de ses cuisses lui confèrent une vivacité et une détente incroyables. Massko
21%
Ce Pokémon à l'air pataud est capable d'attaquer à la vitesse de l'éclair pour mordre sa proie. Aligatueur
17%
La saleté l'empêchant d'utiliser la photosynthèse, il prend grand soin d'être toujours propre. Lianaja
17%
Il vit seul, à l'écart de ses pairs. Chaque individu est convaincu d'être meilleur que les autres. Prinplouf
17%
Son corps produit de l'oxygène par photosynthèse. Les feuilles sur sa tête se flétrissent quand il a soif. Tortipouss
17%
La pointe de ses crocs est recourbée. Lorsqu'il mord une proie, celle-ci n'a donc aucune chance de s'en échapper. Crocodil
14%
On le dit très cruel. Il attaque de ses griffes acérées et ne s'arrête qu'une fois l'ennemi terrassé. Reptincel
10%
Aucun quiz correspondant
Distribution des résultats
% des personnes avec chaque résultat
Percentile par nombre de réponses
Votre historique - résultats
Vous n’avez pas pris ce quiz